[Event "Sandefjord op"]
[Site "Sandefjord"]
[Date "2002.10.12"]
[Round "3"]
[White "Karlsen, Jan M"]
[Black "Heggelund, Fredrik"]
[Result "1-0"]
[WhiteElo "1204"]
[BlackElo "953"]
[PlyCount "51"]
[EventDate "2002.10.??"]
[EventType "swiss"]
[EventRounds "5"]
[EventCountry "NOR"]
[SourceTitle "EXT 2005"]
[Source "ChessBase"]
[SourceDate "2004.11.15"]
[SourceVersion "1"]
[SourceVersionDate "2004.11.15"]
[SourceQuality "1"]

1. b4 b6 2. Bb2 Bb7 3. e3 e6 4. Nf3 Nf6 5. a3 Be7 6. c4 0-0 7. Qc2 h6 8. h4 Bxf3 9. gxf3 Ne8 10. Qe4 d5 11. cxd5 Qxd5 12. Bd3 f5 13. Qxd5 exd5 14. Nc3 Bf6 15. Rb1 Bxc3 16. Bxc3 Nd7 17. Bb5 Rf7 18. Bc6 Rd8 19. Bxd5 Nd6 20. Rg1 Kf8 21. Bxf7 Kxf7 22. Rxg7+ Ke6 23. Rg6+ Kd5 24. d3 Nb5 25. e4+ fxe4 26. fxe4# 1-0

[Event "Sandefjord op"]
[Site "Sandefjord"]
[Date "2002.10.11"]
[Round "1"]
[White "Karlsen, Jan M"]
[Black "Narvoy, Tore"]
[Result "0-1"]
[WhiteElo "1204"]
[BlackElo "1445"]
[PlyCount "72"]
[EventDate "2002.10.??"]
[EventType "swiss"]
[EventRounds "5"]
[EventCountry "NOR"]
[SourceTitle "EXT 2005"]
[Source "ChessBase"]
[SourceDate "2004.11.15"]
[SourceVersion "1"]
[SourceVersionDate "2004.11.15"]
[SourceQuality "1"]

1. b4 d5 2. Bb2 Bf5 3. e3 Nf6 4. c4 Nbd7 5. Nf3 h6 6. Nc3 e6 7. a3 c6 8. c5 Be7 9. h3 Qc7 10. g4 Bh7 11. d3 0-0-0 12. Bg2 e5 13. g5 hxg5 14. Nxg5 Bg6 15. e4 Rh5 16. Bc1 dxe4 17. Ngxe4 Rhh8 18. Qe2 Nh5 19. Qg4 Kb8 20. Be3 Nf8 21. 0-0-0 f5 22. Qe2 fxe4 23. Nxe4 Nf4 24. Bxf4 exf4 25. Qb2 Ne6 26. Rhe1 Nd4 27. f3 Bxe4 28. Rxe4 Bf6 29. Qa2 Nb5 30. Qb3 Nc3 31. a4 Nxd1 32. Kxd1 Rhe8 33. Kc2 Rxe4 34. fxe4 f3 35. Bxf3 Qh2+ 36. Kb1 Qd2 0-1